Statistiken für Größte Städte in Nordrhein-Westfalen (NRW) nach Buchstabe

Klicken Sie hier um das Quiz zu spielen!

Allgemein

  • Dieses Quiz wurde 966 mal gespielt
  • Das Durchschnittsergebnis liegt bei 15 aus 24

Antwortstatistiken


EinwohnerStadt% Korrekt
D621.877Düsseldorf
98%
K1.087.863Köln
97%
A248.960Aachen
96%
E582.760Essen
96%
B365.587Bochum
87%
G259.645Gelsenkirchen
87%
W355.100Wuppertal
82%
M315.293Münster
79%
O210.764Oberhausen
77%
X21.607Xanten
74%
P151.633Paderborn
68%
H188.686Hagen
65%
L163.729Leverkusen
63%
N153.896Neuss
60%
R111.397Recklinghausen
60%
S159.245Solingen
56%
I92.174Iserlohn
53%
U58.936Unna
52%
C73.343Castrop-Rauxel
38%
J32.653Jülich
35%
V81.842Velbert
35%
T74.953Troisdorf
28%
F52.439Frechen
23%
Z20.332Zülpich
22%

Verteilung der Resultate

Perzentil nach korrekt beantworteten Fragen

Anzahl Personen mit jedem Resultat

Ihre Resultats-Entwicklung

Sie haben dieses Quiz noch nicht gespielt